| 000 | 00635nam a22001937a 4500 | ||
|---|---|---|---|
| 005 | 20141008133834.0 | ||
| 008 | 141008b xxu||||| |||| 00| 0 eng d | ||
| 020 | _a9780538745581 | ||
| 050 |
_aHG 4026 _b.M497 2010 |
||
| 100 | _aMegginson, William L. | ||
| 245 |
_aFinancial management / _cWilliam L. Megginson, Scott B. Smart and John R. Graham. |
||
| 250 |
_a3rd ed. _bInternational ed. |
||
| 260 |
_aAustralia : _bSouth-Western/Cengage Learning, _cc2010. |
||
| 300 |
_a966 pages : _bcolored illustrations ; _c26 cm. |
||
| 521 | _aBusiness Administration | ||
| 650 | _aFinance. | ||
| 650 | _aManagement. | ||
| 942 |
_2lcc _cBK _kFOR |
||
| 999 |
_c276037 _d276037 |
||